000
00304nam a22001217a 4500
040
_c
SY
082
_a
178
100
_a
អ៊ឺម ឈួន
245
_a
ដើម្បីលើកតំលៃនៃការវិភាគដី
260
_a
RUA
_b
អ៊ឺម
_c
1989
300
_a
186p.
942
_c
KB
999
_c
9354
_d
9354